000 00415nam a2200157Ia 4500
008 100122s9999 xx 000 0 und d
082 _b75120
_a823.08
100 _aमुजावर बशीर
245 _aनो मॅन्स लँड
250 _a1
260 _c2008
300 _a176
630 _aनो मॅन्स लँड
730 _aनो मॅन्स लँड
942 _cBOOK
999 _c391173
_d391170